Glycolysis Structures - Statistics

General Stats
  • This quiz has been taken 104 times
  • The average score is 8 of 11
Answer Stats
Picture Answer % Correct
Fructose 6-phosphate
97%
Pyruvate
92%
Glucose
86%
Glucose 6-phosphate
78%
3-phosphoglycerate
69%
1,3 bisphosphoglycerate
66%
Fructose 1,6 bisphosphate
66%
Glyceraldehyde 3-phosphate
64%
2-phosphoglycerate
59%
Dihydroxyacetone phosphate
56%
Phosphenol pyruvate
17%
No matching quizzes found
Score Distribution
Percent of People with Each Score
Percentile by Number Answered
Your Score History
You have not taken this quiz